[Event "ITA-ch C"]
[Site "Civitanova Marche"]
[Date "2012.07.17"]
[Round "3"]
[White "Altini, Ruggiero"]
[Black "Danese, Aldo"]
[Result "0-1"]
[WhiteElo "1873"]
[BlackElo "1864"]
[PlyCount "49"]
[EventDate "2012.07.15"]
[EventType "swiss"]
[EventRounds "8"]
[EventCountry "ITA"]
[SourceTitle "EXT 2023"]
[Source "ChessBase"]
[SourceDate "2022.10.05"]
[SourceVersion "1"]
[SourceVersionDate "2022.10.05"]
[SourceQuality "1"]

1. d4 g6 2. c4 c6 3. Nc3 Bg7 4. e4 d6 5. Be3 Nf6 6. f3 0-0 7. Bd3 e5 8. d5 Nh5 9. Qd2 c5 10. g4 Nf6 11. h4 Ne8 12. h5 f5 13. hxg6 hxg6 14. exf5 gxf5 15. Bh6 Qc7 16. 0-0-0 Bxh6 17. Qxh6 Qg7 18. g5 Na6 19. a3 Nac7 20. Nge2 a6 21. Rdg1 Bd7 22. Ng3 b5 23. Nh5 Qxh6 24. gxh6+ Kh8 25. Rg7 0-1